000 05111nam a2201417 a 4500
001 C00634977
003 PE-LiUPU
005 20250813185720.0
007 ta
008 240704s2024 pe ad g 010 0 spa
020 _a9789972575310
_6volumen 2
020 _a9789972575303
_6volumen 1
020 _a9789972575297
_6o.c.
040 _apelibn
_bspa
_erda
_cPE-LiUPU
_dPE-LiUPU
082 0 4 _a338.985
_bF386o
_223
100 1 _aFerrero, Rómulo A,
_d1907-1975,
_eautor.
245 1 0 _aObras selectas de Rómulo A. Ferrero :
_bmacroeconomía, desarrollo y progreso /
_ceditor, Stephan Gruber Narváez
250 _aPrimera edición.
264 3 1 _aLima :
_bUniversidad del Pacífico,
_c2024.
300 _a2 volúmenes (716 páginas) :
_bilustraciones (algunas en color), diagramas, retratos ;
_c24 cm.
336 _aTexto
_2rdacontent
337 _asin mediación
_2rdamedia
338 _avolumen
_2rdacarrier
504 _aBibliografía de Rómulo A. Ferrero: páginas 701-712.
504 _aIncluye referencias bibliográficas y notas a pie de páginas.
505 _tVolumen 1:
_aLa política fiscal y la economía nacional -- La inflación, sus causas y sus peligros -- Directivas para un programa de desarrollo económico nacional -- La historia monetaria del Perú en el presente siglo -- Macroeconomía y desarrollo
505 _tVolumen 2:
_aTierra y población en el Perú -- La realidad económica de los beneficios sociales -- Primera semana social del Perú. Exigencias sociales del catolicismo en el Perú -- La reforma agraria en Italia -- Las condiciones básicas para el desarrollo económico social -- Equilibrio entre el desarrollo agrícola y el desarrollo industrial -- Reforma agraria, industrialización, desarrollo económico -- Función social de la riqueza -- El desarrollo económico del Perú en el período 1950-1964 -- El Perú y la conferencia mundial de comercio y desarrollo -- El comercio exterior de América Latina -- La situación del Sistema Monetario Internacional -- La reforma monetaria internacional -- La integración económica de América Latina.
526 _aP202
526 _aP201
526 _aP163
526 _aP162
526 _aP161
526 _aP160
526 _aP148
526 _aP147
526 _aP146
526 _aP145
526 _aP144
526 _aP143
526 _aP142
526 _aP141
526 _aP140
526 _aP139
526 _aP138
526 _aP137
526 _aP136
526 _aP135
526 _aP134
526 _aP133
526 _aP129
526 _aP128
526 _aP127
526 _aP120
526 _aP119
526 _aP118
526 _aP116
526 _aP115
526 _aP114
526 _aP110
526 _aP109
526 _aP108
526 _aP104
526 _aP103
526 _aP102
526 _aP99
526 _aP98
526 _aP97
526 _aP96
526 _aP95
526 _aP93
526 _aP90
526 _aP89
526 _aP88
526 _aP83
526 _aP82
526 _aP62
526 _aP59
526 _aP58
526 _aP57
526 _aP51
526 _aP49
526 _aP48
526 _aP47
526 _aP29
526 _aP24
526 _aP20
526 _aP19
526 _aP17
526 _aP15
526 _aP14
526 _aP12
526 _aP10
526 _aP09
526 _aP08
526 _aP07
526 _aP06
526 _aP05
526 _aP04
526 _aP01
600 1 8 _aFerrero, Rómulo A,
_d1907-1975
_xEnsayos, conferencias, etc.
600 1 8 _aFerrero, Rómulo A,
_d1907-1975
_vCrítica e interpretación.
650 1 8 _aMacroeconomía
_vEnsayos, conferencias etc.
650 2 8 _aComercio internacional
_xAspectos económicos
_zPerú.
650 2 8 _aSistema monetario internacional.
650 2 8 _aEconomistas
_zPerú
_xAniversarios, etc.
650 2 8 _aDesarrollo económico
_zPerú
_ySiglo XX.
651 8 _aPerú
_xPolítica económica
_ySiglo XX.
700 1 _aGruber, Stephan,
_d1991-,
_eeditor.
710 2 _aUniversidad del Pacífico (Lima),
_eentidad editora.
942 _2ddc
_cBK
_n0
980 _618226
_aJaime Vilcazán Jefe de Análisis Documental
_81
_gALBERTO SANCHEZ Responsable de Automatización
999 _c62924
_d62923